| 000 | 00613nam a2200229Ia 4500 | ||
|---|---|---|---|
| 005 | 20250425162735.0 | ||
| 008 | 250425s9999 xx 000 0 und d | ||
| 020 | _a0471140260 | ||
| 041 | _aeng | ||
| 082 | _a620.009.73 | ||
| 100 | _aBILLINGTON, DAVID P | ||
| 245 | 0 | _aTHE INNOVATORS: THE ENGINEERING PIONEERS WHO MADE AMERICA MODERN | |
| 250 | _a1ST ED. | ||
| 260 |
_aEstados Unidos _bJOHN WILEY & SONS INC _c1996 |
||
| 260 | _aS.L. | ||
| 300 | _a236 | ||
| 500 | _aDONADO POR GUILLERMO AROSEMENA | ||
| 650 | _aINNOVACIONES | ||
| 710 | _aJOHN WILEY & SONS INC | ||
| 942 | _c01 | ||
| 010 | _a104409 | ||
| 999 |
_c235453 _d235453 |
||